Drapeaux aux couleurs panarabes - Statistiques

Statistiques générales
  • Ce quiz a été pris 81 fois
  • Le résultat moyen est 11 sur 14
Statistiques - réponses
Par images Réponse % Correct
Égypte
100%
Émirats arabes unis
96%
Irak
96%
Syrie
96%
Iran
94%
Yémen
94%
Jordanie
93%
Libye
90%
Oman
90%
Koweït
84%
Soudan
80%
Palestine
79%
Sahara Occidental
26%
Révolte arabe
0%
Aucun quiz correspondant
Distribution des résultats
% des personnes avec chaque résultat
Percentile par nombre de réponses
Votre historique - résultats
Vous n’avez pas pris ce quiz